000 00622nam a2200229Ia 4500
003 OSt
005 20220923230553.0
006 a|||||r|||| 00| 0
007 ta
008 Pun
024 _a283,314
037 _cTextual
040 _aARTS
_cARTS
_bPun
041 _2Pun
_aPun
082 _aO153,3NRA5x, M2
100 _aਰਾਣਾ, ਜਗਦੀF ਕੌਰ
_9169062
245 0 _aਗ਼ਿੰਮੀ੍ਵ ਆਸਮਾਨ
260 _c1982
650 _aਪੰਜਾਬੀ ਸਾਹਿਤ
942 _hO153,3NRA5x, M2
_cTEXL
_2CC
999 _c385802
_d385802